00584nam a2200169Ia 450000500170000000800410001702000150005808200130007310000220008624500360010826000520014430000130019650000850020994200060029495200990030099900150039920250310044024.0240331s9999 xx 000 0 und d a9556522657 bSIVa808 aSivasubramaniam,M 0aMiriguwa saha thawath ketikatha aMulleriyawabVijasooriya krantakendiraiyac2005 a100 p ., aShort Stories written by a girl aged 14 to 19 above her self and her surrounding cL 001040708LaWERCLbWERCLcSSCd2024-03-31l0o 808.831 SIVp5749r2024-03-31w2024-03-31yL c5275d5275